Nintendo Picture Quiz - Statistics

General Stats
  • This quiz has been taken 30 times
  • The average score is 25 of 35
Answer Stats
Picture Answer % Correct
Bowser
100%
Donkey Kong
100%
Luigi
100%
Mario
100%
Pac-Man
100%
Peach
100%
Sonic
100%
Toad
100%
Yoshi
100%
Pikachu
96%
Kirby
93%
Wario
93%
Link
89%
Steve
89%
Mew
85%
Charizard
81%
Goomba
81%
Eevee
74%
Bowser Jr.
63%
Fox
63%
Lucario
63%
Falco
56%
Ganondorf
52%
Dry Bowser
48%
Funky Kong
48%
Mr. Game and Watch
48%
Ryu
48%
Lakitu
44%
Lucas
44%
Monty Mole
44%
Nabbit
44%
Boom Boom
41%
Duck Hunt
41%
Kamek
41%
Cuebert
4%
No matching quizzes found
Score Distribution
Percent of People with Each Score
Percentile by Number Answered
Your Score History
You have not taken this quiz